01641nam a2200397 a 4500001001200000003000800012006001900020007001500039008004100054010001700095020003000112020002700142020002700169040002100196035002100217043001200238050002300250082002100273100002500294245018200319260005700501300001300558490003800571504006400609533015200673650004600825650005000871650004500921655002900966700002300995700001901018710001701037830004601054856012601100999001701226ebr10681092CaPaEBRm u cr cn|||||||||100426s2010 nyu sb 001 0 eng d z 2010015606 z9781616687601 (softcover) z1616687606 (softcover) z9781617284687 (e-book) aCaPaEBRcCaPaEBR a(OCoLC)784938615 au-at-we14aHM721b.T39 2010eb04a305.235099412221 aTaylor, Myra,d1962-10aFriendships, peer socialization and social identity among adolescent skateboarders and graffiti writersh[electronic resource] /cMyra Taylor, Stephen Houghton and John Bednall. aNew York :bNovinka/Nova Science Publishers,cc2010. ax, 41 p.1 aSocial issues, justice and status aIncludes bibliographical references (p. [29]-35) and index. aElectronic reproduction.bPalo Alto, Calif. :cebrary,d2013.nAvailable via World Wide Web.nAccess may be limited to ebrary affiliated libraries. 0aAge groupszAustraliazWestern Australia. 0aGroup identityzAustraliazWestern Australia. 0aTeenagerszAustraliazWestern Australia. 7aElectronic books.2local1 aHoughton, Stephen.1 aBednall, John.2 aebrary, Inc. 0aSocial issues, justice and status series.40uhttp://site.ebrary.com/lib/rucke/Doc?id=10681092zAn electronic book accessible through the World Wide Web; click to view c60911d60911